[Event "Titled Tuesday intern op 04th Apr Late"]
[Site "Chess.com INT"]
[Date "2023.04.04"]
[Round "9"]
[White "Krasteva, Beloslava"]
[Black "Veiga, Jose Francisco RP"]
[Result "1-0"]
[WhiteElo "2220"]
[BlackElo "2403"]
[PlyCount "199"]
[EventDate "2023.04.04"]
[EventType "swiss (blitz)"]
[EventRounds "11"]
[EventCountry "USA"]
[SourceTitle "EXT 2024"]
[Source "ChessBase"]
[SourceDate "2023.10.10"]
[SourceVersion "1"]
[SourceVersionDate "2023.10.10"]
[SourceQuality "1"]

1. d4 d6 2. e4 g6 3. Bd3 Bg7 4. c3 Nc6 5. f4 e5 6. d5 Nce7 7. Nf3 exf4 8. Bxf4 Nh6 9. 0-0 0-0 10. h3 f5 11. Qd2 fxe4 12. Bxe4 Nhf5 13. g4 g5 14. Nxg5 Nh4 15. Bxh7+ Kh8 16. Na3 Neg6 17. Be3 Bd7 18. Bxg6 Nxg6 19. Nf7+ Rxf7 20. Rxf7 Be8 21. Rff1 Qh4 22. Bd4 Ne5 23. Rae1 Bg6 24. Qf2 Qxh3 25. Qh2 Qxh2+ 26. Kxh2 Nxg4+ 27. Kg3 Ne5 28. Rh1+ Kg8 29. Nb5 Rf8 30. Nxc7 Rf3+ 31. Kg2 Rd3 32. Ne6 Bf6 33. Nf4 Rd2+ 34. Kg3 Bf5 35. Re2 Rxe2 36. Nxe2 Kf7 37. Rf1 Kg6 38. Nf4+ Kf7 39. Ne6 Bxe6 40. dxe6+ Kxe6 41. Kf4 a6 42. Bxe5 Bxe5+ 43. Ke4 d5+ 44. Kd3 Kd6 45. Rh1 Kc5 46. Rh7 b5 47. Rh6 a5 48. a3 a4 49. Rh5 Bf6 50. Rh7 Be5 51. Rb7 Kc6 52. Rf7 Kc5 53. Rf5 Bg7 54. Kc2 Kc4 55. Rh5 Kc5 56. Rh4 Be5 57. Rg4 d4 58. Rg5 Kd6 59. cxd4 Bxd4 60. Rxb5 Kc6 61. Rh5 Bc5 62. Rh4 Kb5 63. Rg4 Bd6 64. Re4 Bf8 65. Re3 Bg7 66. Rf3 Be5 67. Rf5 Kc4 68. Rxe5 Kd4 69. Re6 Kc4 70. Ra6 Kb5 71. Ra8 Kb6 72. b3 Kb5 73. bxa4+ Kb6 74. Kb3 Kb7 75. Rh8 Kb6 76. Kb4 Ka6 77. a5 Ka7 78. Kb5 Kb7 79. a6+ Ka7 80. Rh7+ Kb8 81. Kb6 Kc8 82. Rh8+ Kd7 83. a7 Kd6 84. a8Q Ke5 85. Qe8+ Kd4 86. Qd7+ Kc3 87. Qc6+ Kb2 88. Qb5+ Ka2 89. Rh2+ Kxa3 90. Qa5+ Kb3 91. Qb5+ Kc3 92. Qc5+ Kd3 93. Rh3+ Ke4 94. Qc4+ Kf5 95. Rh5+ Kg6 96. Qg4+ Kf7 97. Rf5+ Ke6 98. Qg6+ Ke7 99. Rf7+ Ke8 100. Qg8# 1-0

[Event "Titled Tuesday intern op 04th Apr Late"]
[Site "Chess.com INT"]
[Date "2023.04.04"]
[Round "6"]
[White "Poltorak, Sebastian"]
[Black "Krasteva, Beloslava"]
[Result "0-1"]
[WhiteElo "2368"]
[BlackElo "2220"]
[PlyCount "72"]
[EventDate "2023.04.04"]
[EventType "swiss (blitz)"]
[EventRounds "11"]
[EventCountry "USA"]
[SourceTitle "EXT 2024"]
[Source "ChessBase"]
[SourceDate "2023.10.10"]
[SourceVersion "1"]
[SourceVersionDate "2023.10.10"]
[SourceQuality "1"]

1. d4 d5 2. c4 e6 3. Nc3 Be7 4. cxd5 exd5 5. Bf4 Nf6 6. e3 0-0 7. Bd3 c5 8. Nge2 c4 9. Bc2 Nc6 10. h3 a6 11. a4 Nb4 12. 0-0 Be6 13. f3 Bd6 14. Qd2 Nxc2 15. Qxc2 Nh5 16. Bxd6 Qxd6 17. e4 b5 18. e5 Qb6 19. g4 b4 20. Nd1 Nf4 21. Nf2 Nxe2+ 22. Qxe2 Qxd4 23. Rad1 Qf4 24. Kg2 d4 25. h4 d3 26. Qe1 Bd5 27. Nh3 Qxg4+ 28. Kh2 Bxf3 29. Rd2 Be2 30. Rg1 Qe4 31. Qg3 g6 32. h5 Rfe8 33. hxg6 fxg6 34. Ng5 Qxe5 35. b3 Qxg3+ 36. Kxg3 c3 0-1

[Event "EU-ch (Women) 23rd"]
[Site "Petrovac"]
[Date "2023.03.28"]
[Round "10"]
[White "Krasteva, Beloslava"]
[Black "Bulmaga, Irina"]
[Result "0-1"]
[WhiteElo "2292"]
[BlackElo "2438"]
[PlyCount "78"]
[EventDate "2023.03.18"]
[EventType "swiss"]
[EventRounds "11"]
[EventCountry "MNE"]
[SourceTitle "CBM 213 Extra"]
[Source "ChessBase"]
[SourceDate "2023.05.31"]
[SourceVersion "1"]
[SourceVersionDate "2023.05.31"]
[SourceQuality "1"]

1. d4 Nf6 2. Nf3 g6 3. Bg5 Bg7 4. Nbd2 0-0 5. e4 d5 6. e5 Ne4 7. Be3 c5 8. c3 cxd4 9. cxd4 f6 10. Bd3 Nxd2 11. Qxd2 Nc6 12. exf6 exf6 13. 0-0 Bg4 14. Be2 Qb6 15. h3 Be6 16. Rfd1 Rfe8 17. Ne1 Ne7 18. Nd3 Nf5 19. Nf4 Bf7 20. Bf3 Nxe3 21. fxe3 Qd6 22. Re1 f5 23. h4 h6 24. Qf2 Re7 25. Bd1 Rf8 26. Bb3 g5 27. hxg5 hxg5 28. Nh3 Qg6 29. Qg3 Bf6 30. Qd6 Re6 31. Qc5 b6 32. Qc2 Re4 33. Qf2 Rh4 34. Bc2 Be6 35. Qg3 Qh6 36. Kf1 f4 37. Nxf4 Bg7 38. Ke2 gxf4 39. exf4 Rhxf4 0-1

[Event "EU-ch (Women) 23rd"]
[Site "Petrovac"]
[Date "2023.03.20"]
[Round "3"]
[White "Danielian, Elina"]
[Black "Krasteva, Beloslava"]
[Result "1-0"]
[WhiteElo "2431"]
[BlackElo "2292"]
[PlyCount "87"]
[EventDate "2023.03.18"]
[EventType "swiss"]
[EventRounds "11"]
[EventCountry "MNE"]
[SourceTitle "CBM 213 Extra"]
[Source "ChessBase"]
[SourceDate "2023.05.31"]
[SourceVersion "1"]
[SourceVersionDate "2023.05.31"]
[SourceQuality "1"]

1. d4 Nf6 2. c4 e6 3. Nf3 b6 4. g3 Bb7 5. Bg2 Be7 6. 0-0 0-0 7. Re1 Ne4 8. Nfd2 d5 9. cxd5 exd5 10. Nxe4 dxe4 11. Nc3 f5 12. Bf4 Nc6 13. Qb3+ Kh8 14. Red1 Bd6 15. Bxd6 Qxd6 16. Nb5 Qd7 17. Rac1 Ba6 18. a4 Na5 19. Qb4 Nc6 20. Qc3 Bxb5 21. axb5 Na5 22. Qxc7 Qxb5 23. e3 Qd5 24. Bf1 Rf7 25. Qf4 Qd7 26. Rc3 Nb7 27. Rdc1 Nd6 28. Rc7 Qe6 29. R7c6 Rd7 30. Ba6 Qe7 31. h4 h6 32. h5 Rf8 33. Qe5 Qxe5 34. dxe5 Ne8 35. Rc8 Re7 36. Ra8 Rxe5 37. Rcc8 b5 38. Rab8 Kg8 39. Bxb5 Kf7 40. Bc4+ Kf6 41. Kg2 Ke7 42. Rb7+ Kd6 43. Bb5 Rg8 44. Rc6+ 1-0

[Event "EU-ch 23rd"]
[Site "Vrnjacka Banja"]
[Date "2023.03.08"]
[Round "6"]
[White "Hamiti, Gani"]
[Black "Krasteva, Beloslava"]
[Result "1/2-1/2"]
[WhiteElo "2112"]
[BlackElo "2292"]
[PlyCount "45"]
[EventDate "2023.03.03"]
[EventType "swiss"]
[EventRounds "11"]
[EventCountry "SRB"]
[SourceTitle "CBM 213"]
[Source "ChessBase"]
[SourceDate "2023.04.30"]
[SourceVersion "1"]
[SourceVersionDate "2023.04.30"]
[SourceQuality "1"]

1. e4 c5 2. Nc3 d6 3. f4 Nc6 4. Nf3 g6 5. Bb5 Bd7 6. Bc4 Bg7 7. 0-0 a6 8. a4 Nd4 9. Nxd4 cxd4 10. Ne2 e6 11. d3 Ne7 12. Bb3 0-0 13. Qe1 Qb6 14. Qh4 Rad8 15. Ng3 f5 16. exf5 Nxf5 17. Nxf5 gxf5 18. Bd2 Rf6 19. Rf3 Rh6 20. Qg5 Kh8 21. Rg3 Rg6 22. Qh5 Rxg3 23. hxg3 1/2-1/2